[Event "CAN op"]
[Site "Hamilton CAN"]
[Date "2022.07.12"]
[Round "2.39"]
[White "Berengolts, Isaac"]
[Black "Jiang, David"]
[Result "1/2-1/2"]
[WhiteElo "2042"]
[BlackElo "1678"]
[PlyCount "66"]
[EventDate "2022.07.12"]
[EventType "swiss"]
[EventRounds "9"]
[EventCountry "CAN"]

1. e4 c5 2. Nc3 e6 3. f4 Nc6 4. Nf3 d5 5. Bb5 Nge7 6. O-O a6 7. Bxc6+ Nxc6 8.
d3 Be7 9. Qe1 dxe4 10. Nxe4 b6 11. Bd2 Bb7 12. Bc3 O-O 13. Qg3 Nd4 14. Rae1 Bf6
15. Nxf6+ Qxf6 16. Bxd4 cxd4 17. Ne5 Rad8 18. Ng4 Qg6 19. f5 exf5 20. Rxf5 Bc8
21. Rf4 f6 22. Re7 h5 23. Nf2 Qxg3 24. hxg3 Rf7 25. Rfe4 Kf8 26. Rxf7+ Kxf7 27.
c3 dxc3 28. bxc3 f5 29. Rc4 Bd7 30. Nh3 Bb5 31. Rc7+ Rd7 32. Rxd7+ Bxd7 33. Kf2
Bc6 1/2-1/2

[Event "CAN op"]
[Site "Hamilton CAN"]
[Date "2022.07.12"]
[Round "2.40"]
[White "Richard, Leo"]
[Black "Zhu, Charis"]
[Result "1-0"]
[WhiteElo "2014"]
[BlackElo "1640"]
[PlyCount "68"]
[EventDate "2022.07.12"]
[EventType "swiss"]
[EventRounds "9"]
[EventCountry "CAN"]

1. c4 e6 2. Nf3 d5 3. g3 Nf6 4. Bg2 c5 5. O-O Be7 6. d4 Nc6 7. cxd5 exd5 8. Nc3
O-O 9. h3 Ne4 10. Be3 Bf6 11. Rc1 Nxc3 12. bxc3 cxd4 13. cxd4 Be6 14. Qd3 Qd7
15. h4 Rac8 16. Qd2 b6 17. Bg5 Bxg5 18. hxg5 Rc7 19. Qf4 Rfc8 20. Rcd1 Bg4 21.
Rd2 Bxf3 22. Bxf3 Nd8 23. Kg2 Rc1 24. Rxc1 Rxc1 25. Qe5 Rc6 26. Bxd5 Rd6 27. e4
Nc6 28. Qf4 h6 29. Bxf7+ Kh8 30. d5 Nd8 31. g6 Rf6 32. Qb8 b5 33. e5 Rb6 34. e6
Qe7 1-0

[Event "CAN op"]
[Site "Hamilton CAN"]
[Date "2022.07.12"]
[Round "2.41"]
[White "Kim, Noah"]
[Black "Ali, Shafkat"]
[Result "1-0"]
[WhiteElo "2000"]
[BlackElo "1619"]
[PlyCount "131"]
[EventDate "2022.07.12"]
[EventType "swiss"]
[EventRounds "9"]
[EventCountry "CAN"]

1. d4 d5 2. c4 c6 3. Nf3 Nf6 4. e3 Bg4 5. Qb3 Qb6 6. Nc3 Nbd7 7. cxd5 cxd5 8.
Nxd5 Nxd5 9. Qxd5 a6 10. Qb3 Qa7 11. Be2 e6 12. O-O Bd6 13. Bd2 O-O 14. Rac1 e5
15. dxe5 Nxe5 16. Bc3 Be6 17. Qc2 Nxf3+ 18. Bxf3 Rac8 19. Qe4 Qb8 20. g3 b5 21.
Qd4 f6 22. Bd5 Bxd5 23. Qxd5+ Kh8 24. a3 Rfd8 25. Qb3 Rc4 26. Rcd1 h5 27. Rd5
Be5 28. Bxe5 fxe5 29. Qd1 Rxd5 30. Qxd5 Qc7 31. Qf3 h4 32. Qh5+ Kg8 33. Qe8+
Kh7 34. Qh5+ Kg8 35. g4 h3 36. Qe8+ Kh7 37. Qh5+ Kg8 38. Qxh3 Qd7 39. Qf3 Rxg4+
40. Kh1 e4 41. Qe2 Qf5 42. f3 Rh4 43. fxe4 Qxe4+ 44. Qf3 Qe7 45. Qd5+ Kh8 46.
Rf7 Qe4+ 47. Qxe4 Rxe4 48. Rf3 g5 49. Kg1 Kg7 50. Kf1 Rc4 51. Ke1 Kg6 52. Kd2
Kg7 53. Kd3 Rc6 54. e4 Kg6 55. e5 g4 56. Rf2 Kg5 57. Kd4 Rh6 58. Kd5 Rh3 59. e6
Rd3+ 60. Kc6 Re3 61. Kd7 Rd3+ 62. Ke8 Rf3 63. Re2 Kf6 64. e7 Rd3 65. Kf8 Rh3
66. Kg8 1-0

[Event "CAN op"]
[Site "Hamilton CAN"]
[Date "2022.07.12"]
[Round "2.42"]
[White "Li, Justin"]
[Black "Parchizadeh, Ashkan"]
[Result "1/2-1/2"]
[WhiteElo "1992"]
[BlackElo "1608"]
[PlyCount "86"]
[EventDate "2022.07.12"]
[EventType "swiss"]
[EventRounds "9"]
[EventCountry "CAN"]

1. d4 d5 2. Bf4 Bf5 3. c4 c6 4. Qb3 Qd7 5. e3 e6 6. Nf3 f6 7. Nbd2 g5 8. Bg3 h5
9. h4 g4 10. Ng1 Bg7 11. Bd3 Ne7 12. cxd5 exd5 13. Ne2 Bxd3 14. Qxd3 f5 15. Bf4
Qe6 16. Bg5 Bf6 17. Nf4 Qf7 18. Bxf6 Qxf6 19. Nf1 Nd7 20. Ng3 O-O-O 21. Nfxh5
Qf7 22. Nf4 Nf8 23. Nge2 Re8 24. O-O-O Kb8 25. Kb1 Nh7 26. g3 Nf6 27. Nc3 Rh6
28. Rh2 Reh8 29. Rdh1 R8h7 30. Rc1 Rh8 31. Na4 Nd7 32. Nc5 Nxc5 33. Rxc5 Nc8
34. Rc1 Nd6 35. Qb3 Ne4 36. Qd3 R8h7 37. Ne2 Rh8 38. Qd1 R8h7 39. Nc3 Nf6 40.
Qd3 Ne4 41. Qd1 Nf6 42. Qd3 Ne4 43. Qd1 Nf6 1/2-1/2

[Event "CAN op"]
[Site "Hamilton CAN"]
[Date "2022.07.12"]
[Round "2.43"]
[White "Deshpande, Sarthak"]
[Black "Liu, Henry"]
[Result "1-0"]
[WhiteElo "1595"]
[BlackElo "2041"]
[PlyCount "95"]
[EventDate "2022.07.12"]
[EventType "swiss"]
[EventRounds "9"]
[EventCountry "CAN"]

1. d4 d5 2. c4 c6 3. Nf3 Nf6 4. Qc2 g6 5. g3 Bg7 6. Nbd2 Bf5 7. Qb3 Qc7 8. Bg2
O-O 9. O-O Nbd7 10. Re1 Rfe8 11. Nf1 dxc4 12. Qxc4 b5 13. Qb3 Ne4 14. Bf4 Qb6
15. Ne3 Be6 16. Qc2 f5 17. Rac1 Rac8 18. Red1 c5 19. d5 Bf7 20. h4 c4 21. Nd2
Nd6 22. Nf3 Rc5 23. Ng5 Nf8 24. g4 fxg4 25. Nxg4 Rcc8 26. e4 c3 27. b3 Red8 28.
Bh3 e6 29. Ne3 Nb7 30. e5 h6 31. Nxf7 Kxf7 32. Qe2 Rc5 33. Qf3 Kg8 34. b4 Rc7
35. d6 Rf7 36. Qe4 Rc8 37. Rd3 a6 38. Rdxc3 Rxc3 39. Rxc3 Nxd6 40. exd6 Bxc3
41. Bxe6 Nxe6 42. Qxe6 Qb7 43. Nd5 Kh7 44. Nxc3 Rxf4 45. Nd5 Rf7 46. Ne7 Rg7
47. d7 Qc7 48. Nd5 1-0

[Event "CAN op"]
[Site "Hamilton CAN"]
[Date "2022.07.12"]
[Round "2.44"]
[White "Su, Ethan"]
[Black "Gao, Justin"]
[Result "1-0"]
[WhiteElo "1987"]
[BlackElo "1587"]
[PlyCount "167"]
[EventDate "2022.07.12"]
[EventType "swiss"]
[EventRounds "9"]
[EventCountry "CAN"]

1. d4 d5 2. c4 e6 3. Nf3 Nf6 4. g3 Be7 5. Bg2 Nbd7 6. O-O O-O 7. Nc3 c5 8. cxd5
exd5 9. dxc5 Nxc5 10. Nd4 Qd7 11. e3 b6 12. Qc2 Rd8 13. Rd1 Bb7 14. Nde2 Rac8
15. Qb1 Qg4 16. Nf4 Nce4 17. f3 Nxc3 18. bxc3 Qg5 19. Qd3 Qe5 20. Ne2 Qb8 21.
a4 a6 22. Ba3 Bxa3 23. Rxa3 Qd6 24. Rb3 Qc7 25. Rdb1 Rd6 26. Qd4 Nd7 27. Nf4
Qc4 28. Bf1 Qxd4 29. cxd4 g5 30. Nh3 h6 31. Bd3 Rf6 32. Kf2 Rcc6 33. g4 Rcd6
34. Bf5 Nf8 35. Ra3 Ng6 36. Bxg6 Rxg6 37. Ke2 Bc8 38. Nf2 Rgf6 39. Nd3 Rfe6 40.
Ne5 f6 41. Rc3 Bb7 42. Nd3 Rc6 43. Rbc1 Rxc3 44. Rxc3 Rc6 45. Kd2 Rxc3 46. Kxc3
a5 47. Nb2 Ba6 48. Kd2 Kf7 49. Nd1 Ke6 50. Nc3 Kd6 51. e4 dxe4 52. fxe4 Bc4 53.
Nd1 Bb3 54. Nb2 Be6 55. h3 Bc8 56. Nc4+ Kc6 57. Kc3 Ba6 58. Ne3 Bc8 59. Nd5 Ba6
60. Nxf6 Bf1 61. Ng8 Bxh3 62. Nxh6 Bg2 63. e5 Kd5 64. Nf7 Bf3 65. Nxg5 Bxg4 66.
Nf7 Bd1 67. Nd6 Bxa4 68. Nc4 Kc6 69. Ne3 Kd7 70. d5 Bb5 71. Nf5 Be2 72. e6+ Kd8
73. d6 Bb5 74. Ne7 Bd7 75. exd7 Kxd7 76. Nf5 b5 77. Kd4 a4 78. Kc5 a3 79. Nd4
b4 80. Nb3 a2 81. Kd5 Kd8 82. Kc6 Kc8 83. d7+ Kd8 84. Na1 1-0

[Event "CAN op"]
[Site "Hamilton CAN"]
[Date "2022.07.12"]
[Round "2.45"]
[White "Benggawan, Undriadi"]
[Black "Zhao, Jeffrey Renfei"]
[Result "0-1"]
[WhiteElo "1584"]
[BlackElo "2020"]
[PlyCount "68"]
[EventDate "2022.07.12"]
[EventType "swiss"]
[EventRounds "9"]
[EventCountry "CAN"]

1. d4 d5 2. Bf4 Nf6 3. Nd2 e6 4. e3 Bd6 5. Bg3 c5 6. dxc5 Bxc5 7. Nb3 Bd6 8.
Bd3 e5 9. c3 O-O 10. Bc2 Nc6 11. Qd2 Be6 12. Nf3 Qc7 13. Ng5 Bd7 14. O-O h6 15.
Nf3 Be6 16. Rad1 Rad8 17. Nh4 a5 18. Nf5 Bxf5 19. Bxf5 Ne7 20. Bc2 b5 21. Qe2
Qb6 22. Kh1 a4 23. Nc1 e4 24. Bxd6 Rxd6 25. f3 Rfd8 26. fxe4 dxe4 27. Rd4 Qc6
28. Qf2 a3 29. Bxe4 Nxe4 30. Qxf7+ Kh8 31. Qxe7 axb2 32. Ne2 Re8 33. Rf8+ Kh7
34. Rxe8 b1=Q+ 0-1

[Event "CAN op"]
[Site "Hamilton CAN"]
[Date "2022.07.12"]
[Round "2.46"]
[White "Jiang, Kate"]
[Black "Chychkevych, Bohdan"]
[Result "1/2-1/2"]
[WhiteElo "1982"]
[BlackElo "1580"]
[PlyCount "130"]
[EventDate "2022.07.12"]
[EventType "swiss"]
[EventRounds "9"]
[EventCountry "CAN"]

1. e4 c5 2. c3 Nf6 3. e5 Nd5 4. d4 Nc6 5. Nf3 cxd4 6. cxd4 d6 7. Bc4 Nb6 8. Bb5
Bd7 9. exd6 e6 10. O-O Bxd6 11. Nc3 O-O 12. Qe2 Re8 13. Bd3 Nd5 14. Ng5 Nf6 15.
Nf3 e5 16. dxe5 Nxe5 17. Bg5 Bc6 18. Be4 h6 19. Bxf6 Qxf6 20. Bxc6 bxc6 21. Ne4
Nxf3+ 22. Qxf3 Bxh2+ 23. Kxh2 Qh4+ 24. Kg1 Qxe4 25. Qxe4 Rxe4 26. Rac1 Re2 27.
Rxc6 Rxb2 28. a4 a5 29. Rfc1 Ra2 30. R1c4 Rb8 31. Ra6 Rb1+ 32. Kh2 Rb4 33. Rxb4
axb4 34. f3 Kh7 35. a5 b3 36. Rb6 b2 37. a6 f6 38. a7 Kg6 39. a8=Q Rxa8 40.
Rxb2 Kg5 41. Rb4 f5 42. Kg3 Ra3 43. Kh2 g6 44. Rc4 h5 45. Rc6 Ra2 46. Kh3 Ra4
47. Rb6 Rh4+ 48. Kg3 Ra4 49. Kh2 Ra2 50. Kh3 Ra1 51. Kh2 Ra4 52. Kh3 Rh4+ 53.
Kg3 f4+ 54. Kf2 Rh1 55. Rb5+ Kh4 56. Rb4 g5 57. g3+ Kh3 58. gxf4 g4 59. fxg4
Rh2+ 60. Kg1 hxg4 61. Rb3+ g3 62. f5 Rd2 63. Rb1 Rg2+ 64. Kh1 Rh2+ 65. Kg1 Rg2+
1/2-1/2

[Event "CAN op"]
[Site "Hamilton CAN"]
[Date "2022.07.12"]
[Round "2.47"]
[White "Moses, Neil"]
[Black "Oancea, Nicolae"]
[Result "0-1"]
[WhiteElo "1578"]
[BlackElo "2005"]
[PlyCount "42"]
[EventDate "2022.07.12"]
[EventType "swiss"]
[EventRounds "9"]
[EventCountry "CAN"]

1. e4 e6 2. d4 d5 3. exd5 exd5 4. Bd3 Nc6 5. Nf3 Bg4 6. c3 Bd6 7. O-O Nge7 8.
h3 Bh5 9. Bg5 Qd7 10. b4 f6 11. Be3 O-O-O 12. Nbd2 g5 13. Qa4 g4 14. hxg4 Qxg4
15. b5 Rdg8 16. Ng5 Rxg5 17. Bxg5 Qxg5 18. f4 Bxf4 19. Nf3 Be3+ 20. Kh2 Qh6 21.
Nh4 Bd1 0-1

[Event "CAN op"]
[Site "Hamilton CAN"]
[Date "2022.07.12"]
[Round "2.48"]
[White "Palsson, Halldor"]
[Black "Gaisinsky, Jacob"]
[Result "0-1"]
[WhiteElo "1962"]
[BlackElo "1568"]
[PlyCount "66"]
[EventDate "2022.07.12"]
[EventType "swiss"]
[EventRounds "9"]
[EventCountry "CAN"]

1. d4 Nf6 2. c4 e6 3. Nc3 Bb4 4. Qc2 d5 5. cxd5 exd5 6. Bg5 Nc6 7. e3 O-O 8. a3
Bxc3+ 9. bxc3 h6 10. Bh4 Qd6 11. Bd3 Re8 12. Ne2 b6 13. O-O Bb7 14. Bg3 Qe7 15.
h3 Nd8 16. c4 c5 17. Bh4 Rc8 18. Qb3 dxc4 19. Qxc4 cxd4 20. Qxd4 Nc6 21. Qb2
Ne5 22. Bf5 Rc6 23. Nd4 Rd6 24. Rac1 g5 25. Bg3 Ne4 26. Bxe4 Bxe4 27. f3 Bh7
28. Bxe5 Qxe5 29. Rfe1 Qf6 30. Qc3 Rdd8 31. Nc6 Qxc3 32. Rxc3 Rd7 33. Nd4 Rxd4
0-1

[Event "CAN op"]
[Site "Hamilton CAN"]
[Date "2022.07.12"]
[Round "2.49"]
[White "Xu, Ryan"]
[Black "Chen, Rachel Ruoxuan"]
[Result "0-1"]
[WhiteElo "1565"]
[BlackElo "1988"]
[PlyCount "76"]
[EventDate "2022.07.12"]
[EventType "swiss"]
[EventRounds "9"]
[EventCountry "CAN"]

1. d4 Nf6 2. c4 e6 3. Nf3 d5 4. Nc3 dxc4 5. Bg5 h6 6. Bxf6 Qxf6 7. e3 a6 8.
Bxc4 Nd7 9. O-O c5 10. d5 Nb6 11. Bb3 exd5 12. Nxd5 Nxd5 13. Bxd5 Be7 14. Qa4+
Bd7 15. Qb3 Rb8 16. Rfd1 Bc8 17. e4 O-O 18. Re1 Be6 19. e5 Qg6 20. Bxe6 Qxe6
21. Qxe6 fxe6 22. Rad1 Rbd8 23. Kf1 b5 24. Ke2 Kf7 25. g4 Rd5 26. Rxd5 exd5 27.
Rg1 Ke6 28. h4 Bd8 29. Ke3 Bc7 30. g5 Bxe5 31. gxh6 gxh6 32. Rg6+ Rf6 33. Nxe5
Kxe5 34. Rxf6 Kxf6 35. Kf4 h5 36. f3 a5 37. a3 a4 38. Ke3 Kf5 0-1

[Event "CAN op"]
[Site "Hamilton CAN"]
[Date "2022.07.12"]
[Round "2.50"]
[White "Yuen, Noah Nathaniel"]
[Black "Helwig, Frank"]
[Result "1-0"]
[WhiteElo "1954"]
[BlackElo "1559"]
[PlyCount "37"]
[EventDate "2022.07.12"]
[EventType "swiss"]
[EventRounds "9"]
[EventCountry "CAN"]

1. d4 Nf6 2. c4 g6 3. Nc3 d5 4. Nf3 Bg7 5. Bf4 a6 6. e3 O-O 7. Rc1 b6 8. Be2
Bb7 9. O-O Nbd7 10. cxd5 Nxd5 11. Nxd5 Bxd5 12. Bxc7 Qe8 13. b3 b5 14. Qd2 f5
15. Qb4 Qf7 16. a4 Bxb3 17. Ng5 Qd5 18. Bf3 a5 19. Bxd5+ 1-0

[Event "CAN op"]
[Site "Hamilton CAN"]
[Date "2022.07.12"]
[Round "2.51"]
[White "Nicholson, Devin"]
[Black "He, Matthew"]
[Result "0-1"]
[WhiteElo "1545"]
[BlackElo "1945"]
[PlyCount "87"]
[EventDate "2022.07.12"]
[EventType "swiss"]
[EventRounds "9"]
[EventCountry "CAN"]

1. c4 e6 2. g3 d5 3. d4 Nf6 4. Nf3 Bb4+ 5. Bd2 Be7 6. Bg2 O-O 7. O-O b6 8. cxd5
exd5 9. Bf4 Bb7 10. Nbd2 c5 11. dxc5 bxc5 12. Ne5 Nbd7 13. Ndf3 Qb6 14. Qc2
Rac8 15. Nxd7 Nxd7 16. Bh3 Rcd8 17. b4 c4 18. Be3 Qc7 19. Bxa7 Bxb4 20. Ng5 g6
21. Bd4 Bc5 22. Bb2 Qc6 23. Bg2 f6 24. Nh3 Ne5 25. Nf4 g5 26. Nh3 Rfe8 27. e3
Nd3 28. Bc3 Bc8 29. Ba5 Rd6 30. Rad1 Bg4 31. Rxd3 cxd3 32. Qxd3 Qd7 33. Rc1 Rc8
34. Nxg5 fxg5 35. Bd2 Qf5 36. Qb3 Rf8 37. f4 Rc8 38. Kh1 Bh3 39. Rxc5 Bxg2+ 40.
Kxg2 Rxc5 41. Qb8+ Qf8 42. Qxf8+ Kxf8 43. Bb4 Rc2+ 44. Kh3 0-1

[Event "CAN op"]
[Site "Hamilton CAN"]
[Date "2022.07.12"]
[Round "2.52"]
[White "Li, Adam"]
[Black "Qian, Jessica"]
[Result "1-0"]
[WhiteElo "1942"]
[BlackElo "1532"]
[PlyCount "109"]
[EventDate "2022.07.12"]
[EventType "swiss"]
[EventRounds "9"]
[EventCountry "CAN"]

1. e4 e5 2. Nf3 Nc6 3. Bc4 Nf6 4. d3 Bc5 5. c3 d6 6. Nbd2 Na5 7. Bb5+ c6 8. Ba4
b5 9. Bc2 Nb7 10. O-O h6 11. Re1 O-O 12. Nf1 Re8 13. h3 Qc7 14. g4 h5 15. N3h2
hxg4 16. hxg4 Qd7 17. g5 Nh7 18. Qh5 Qh3 19. Qxh3 Bxh3 20. Bb3 Be6 21. Ng3 Bxb3
22. axb3 Re6 23. Kg2 Bb6 24. Nf3 Nc5 25. Be3 Rae8 26. Bxc5 Bxc5 27. Rh1 Nf8 28.
Rh2 Ng6 29. Rah1 f6 30. Nf5 Kf7 31. Rh7 Rg8 32. Nh6+ Kf8 33. Nxg8 Kxg8 34. Kf1
fxg5 35. Nxg5 Rf6 36. R7h2 Be3 37. Nh3 Bc1 38. Ke2 Bxb2 39. Kd2 Ba3 40. b4 c5
41. Rb1 Ne7 42. Rb3 cxb4 43. cxb4 Bxb4+ 44. Rxb4 a6 45. Rb2 Nc6 46. Rc2 Nd4 47.
Rc8+ Kf7 48. Ng5+ Ke7 49. Rc7+ Kd8 50. Rxg7 Rf8 51. Nf7+ Ke7 52. Rhh7 a5 53.
Nxe5+ Ke6 54. Re7+ Kf6 55. Nd7+ 1-0

[Event "CAN op"]
[Site "Hamilton CAN"]
[Date "2022.07.12"]
[Round "2.53"]
[White "Cloete, Jack"]
[Black "Xu, Andrew"]
[Result "0-1"]
[WhiteElo "1525"]
[BlackElo "1939"]
[PlyCount "106"]
[EventDate "2022.07.12"]
[EventType "swiss"]
[EventRounds "9"]
[EventCountry "CAN"]

1. d4 Nf6 2. c4 g6 3. Nf3 Bg7 4. Nc3 d5 5. e3 O-O 6. Be2 c5 7. O-O cxd4 8. Nxd4
Nc6 9. Nxc6 bxc6 10. cxd5 cxd5 11. Qc2 Bf5 12. Bd3 Bxd3 13. Qxd3 e6 14. Rb1 Rb8
15. b3 Qc7 16. Bb2 Ng4 17. g3 Ne5 18. Qe2 Qb7 19. f4 Nd7 20. Na4 Rfc8 21. Bxg7
Kxg7 22. Qb2+ f6 23. Rbc1 Nb6 24. Nxb6 Qxb6 25. Kf2 Qb7 26. Rxc8 Rxc8 27. Rc1
Rc6 28. Qd2 Qc7 29. Rxc6 Qxc6 30. Ke2 e5 31. Kd1 Qb5 32. Kc2 Kf7 33. Qd3 Qa5
34. a4 Ke6 35. Qc3 Qa6 36. Qd3 Qb6 37. Kb2 Kd6 38. h3 Qc6 39. Qc3 Qa6 40. Qe1
Qb6 41. fxe5+ fxe5 42. Qf2 Ke6 43. Kc3 Qc5+ 44. Kb2 a5 45. Qe2 Qb6 46. Qd3 Kd6
47. h4 d4 48. Kc2 Qc6+ 49. Kd2 Qg2+ 50. Qe2 dxe3+ 51. Kxe3 Qxe2+ 52. Kxe2 Kc5
53. Kd3 Kb4 0-1

[Event "CAN op"]
[Site "Hamilton CAN"]
[Date "2022.07.12"]
[Round "2.54"]
[White "Colvin, Andrew"]
[Black "Sharpe, Michael"]
[Result "1-0"]
[WhiteElo "1937"]
[BlackElo "1519"]
[PlyCount "83"]
[EventDate "2022.07.12"]
[EventType "swiss"]
[EventRounds "9"]
[EventCountry "CAN"]

1. d4 Nf6 2. c4 e6 3. Nf3 b6 4. g3 Bb7 5. Bg2 Be7 6. O-O O-O 7. Nc3 d6 8. d5 e5
9. e4 Nbd7 10. h3 Nc5 11. Qc2 Ne8 12. b4 Na6 13. a3 Bc8 14. Qe2 g6 15. Ne1 Ng7
16. f4 f6 17. Nd3 Nb8 18. Be3 Ba6 19. b5 Bc8 20. a4 Nd7 21. Nb4 Nc5 22. Nc6 Qe8
23. a5 Bb7 24. Bxc5 Bxc6 25. bxc6 bxc5 26. Nb5 Bd8 27. a6 Qe7 28. f5 gxf5 29.
exf5 Qf7 30. g4 Kh8 31. Ra3 Re8 32. Rb1 Rg8 33. Kh2 Re8 34. Nc3 Be7 35. Rab3
Qf8 36. Ne4 Reb8 37. Rb7 Qd8 38. R1b3 Rxb7 39. axb7 Rb8 40. Qa2 Ne8 41. Qxa7
Kg7 42. Ra3 1-0

[Event "CAN op"]
[Site "Hamilton CAN"]
[Date "2022.07.12"]
[Round "2.55"]
[White "Hua, Michelle"]
[Black "Faizy, Mohammed"]
[Result "1/2-1/2"]
[WhiteElo "1930"]
[BlackElo "1503"]
[PlyCount "78"]
[EventDate "2022.07.12"]
[EventType "swiss"]
[EventRounds "9"]
[EventCountry "CAN"]

1. d4 Nf6 2. Bf4 b6 3. e3 Bb7 4. c4 e6 5. Nc3 Bb4 6. Qb3 Bxc3+ 7. Qxc3 Nh5 8.
Bg3 d6 9. Qc2 Nd7 10. Qd1 Nxg3 11. hxg3 Qe7 12. Nf3 c5 13. Be2 h6 14. g4 O-O-O
15. Qa4 Kb8 16. Rh2 Rc8 17. O-O-O d5 18. Kb1 dxc4 19. Qxc4 Be4+ 20. Ka1 cxd4
21. Qxd4 Nf6 22. Qe5+ Ka8 23. g5 hxg5 24. Rxh8 Rxh8 25. Nxg5 Bxg2 26. f3 Qc5
27. Qxc5 bxc5 28. Nxf7 Rh1 29. Rxh1 Bxh1 30. Ng5 Nd5 31. Nxe6 Nxe3 32. Kb1 Nf5
33. Kc2 Kb7 34. Nxc5+ Kc6 35. Ne6 Kd6 36. Ng5 Ke5 37. Kd2 Kf4 38. Ne6+ Kg3 39.
Ng5 Kf4 1/2-1/2

[Event "CAN op"]
[Site "Hamilton CAN"]
[Date "2022.07.12"]
[Round "2.56"]
[White "Dick, Joel"]
[Black "Wang, Derek"]
[Result "0-1"]
[WhiteElo "1499"]
[BlackElo "1934"]
[PlyCount "66"]
[EventDate "2022.07.12"]
[EventType "swiss"]
[EventRounds "9"]
[EventCountry "CAN"]

1. e4 c5 2. Nf3 Nc6 3. d4 cxd4 4. Nxd4 Nf6 5. Nc3 e6 6. Ndb5 Bb4 7. Nd6+ Ke7 8.
Nxc8+ Rxc8 9. Bd3 d5 10. exd5 Nxd5 11. O-O Nxc3 12. bxc3 Bd6 13. Qg4 Kf8 14.
Bf4 Bxf4 15. Qxf4 Qc7 16. Qe4 Qe5 17. Rab1 Qxe4 18. Bxe4 b6 19. f4 Na5 20. Rf3
f5 21. Bd3 Rxc3 22. Re1 Kf7 23. Bxf5 Rc6 24. Bd3 Kf6 25. Rfe3 g6 26. Re5 Rd8
27. Kf2 Rdd6 28. R1e4 Nb7 29. Ke3 Rc3 30. Rd4 Ra3 31. g4 Rxa2 32. Rxd6 Nxd6 33.
Rxe6+ Kxe6 0-1

[Event "CAN op"]
[Site "Hamilton CAN"]
[Date "2022.07.12"]
[Round "2.57"]
[White "Klein, Gernot"]
[Black "Gutierrez, Matias"]
[Result "1-0"]
[WhiteElo "1925"]
[BlackElo "1477"]
[PlyCount "69"]
[EventDate "2022.07.12"]
[EventType "swiss"]
[EventRounds "9"]
[EventCountry "CAN"]

1. e4 c5 2. Nf3 d6 3. d4 cxd4 4. Nxd4 Nf6 5. Nc3 a6 6. Be3 e5 7. Nf3 Be6 8. Ng5
Be7 9. Nxe6 fxe6 10. Bc4 Nxe4 11. Nxe4 d5 12. Qh5+ Kf8 13. Ng5 Bxg5 14. Bxg5
Qa5+ 15. Bd2 Qb6 16. Bb3 Nc6 17. O-O Ke7 18. Bg5+ Kd6 19. Rad1 Raf8 20. Be3 d4
21. c3 Rf5 22. Qh3 Ke7 23. cxd4 exd4 24. Bxd4 Nxd4 25. Qh4+ g5 26. Qxd4 Qxd4
27. Rxd4 Rhf8 28. Re4 e5 29. Re2 g4 30. Rfe1 Kf6 31. Bc2 Rh5 32. Be4 b6 33. Rc2
Kg5 34. Bd3 Kf4 35. g3+ 1-0

[Event "CAN op"]
[Site "Hamilton CAN"]
[Date "2022.07.12"]
[Round "2.58"]
[White "Bolduc, Jacques"]
[Black "Lazarev, Shon"]
[Result "0-1"]
[WhiteElo "1460"]
[BlackElo "1924"]
[PlyCount "58"]
[EventDate "2022.07.12"]
[EventType "swiss"]
[EventRounds "9"]
[EventCountry "CAN"]

1. d4 e6 2. c4 d5 3. Nf3 Nf6 4. e3 a6 5. a4 c5 6. Nc3 Nc6 7. Be2 dxc4 8. Bxc4
cxd4 9. Nxd4 Nxd4 10. Qxd4 Qc7 11. Be2 Bd7 12. e4 Bd6 13. Bg5 Be5 14. Qd3 Bxc3+
15. bxc3 Nxe4 16. Bd2 Nxd2 17. Qxd2 Rc8 18. O-O O-O 19. Rfc1 Rfd8 20. Qe3 Bc6
21. f3 Rd5 22. f4 Rcd8 23. Rd1 Rxd1+ 24. Bxd1 Qa5 25. Bc2 Qd5 26. Qh3 h6 27.
Rd1 Qc5+ 28. Kh1 Rxd1+ 29. Bxd1 Qf2 0-1

[Event "CAN op"]
[Site "Hamilton CAN"]
[Date "2022.07.12"]
[Round "2.59"]
[White "Pickard, Ryan"]
[Black "Mullur, Neerav"]
[Result "1-0"]
[WhiteElo "1920"]
[BlackElo "1459"]
[PlyCount "63"]
[EventDate "2022.07.12"]
[EventType "swiss"]
[EventRounds "9"]
[EventCountry "CAN"]

1. e4 e5 2. Nf3 Nc6 3. Bc4 Nf6 4. d3 Bc5 5. O-O O-O 6. Nc3 h6 7. Re1 d6 8. Na4
Bg4 9. c3 Ne7 10. Nxc5 dxc5 11. a4 Qc8 12. b4 Ng6 13. g3 Bh5 14. Kg2 Nh4+ 15.
gxh4 Qg4+ 16. Kh1 Qh3 17. Ng1 Qxh4 18. f3 g5 19. Re2 Bxf3+ 20. Nxf3 Qh5 21. Rg2
Kh8 22. Be3 Rg8 23. Nxe5 g4 24. Nxf7+ Kh7 25. Nxh6 Rg7 26. Bf7 Rxf7 27. Nxf7
Rg8 28. Ng5+ Kh8 29. e5 Nd5 30. Qxg4 Qxg4 31. Rxg4 Nxe3 32. Nf7+ 1-0

[Event "CAN op"]
[Site "Hamilton CAN"]
[Date "2022.07.12"]
[Round "2.60"]
[White "Xie, Irene"]
[Black "Finlay, Ian"]
[Result "1-0"]
[WhiteElo "1455"]
[BlackElo "1914"]
[PlyCount "169"]
[EventDate "2022.07.12"]
[EventType "swiss"]
[EventRounds "9"]
[EventCountry "CAN"]

1. e4 c5 2. Nf3 Nc6 3. Bb5 Qc7 4. Nc3 e6 5. b3 a6 6. Bxc6 bxc6 7. Bb2 d5 8. d3
d4 9. Nb1 e5 10. h3 Ne7 11. Nbd2 Ng6 12. Nc4 Be7 13. O-O O-O 14. Re1 Be6 15.
Nfd2 f5 16. a4 Rf6 17. Kh2 Raf8 18. g3 f4 19. g4 f3 20. Nf1 Nh4 21. Ng3 Bxc4
22. dxc4 Ng2 23. Rg1 Qd7 24. Bc1 Nf4 25. Bxf4 Rxf4 26. Qd3 g6 27. Rgd1 Bd6 28.
Qf1 Qe7 29. Qh1 Qh4 30. Kg1 Be7 31. Re1 Kh8 32. Rad1 Bd8 33. Rd3 Ba5 34. Red1
Bb4 35. Qh2 h5 36. Qh1 hxg4 37. hxg4 g5 38. Rf1 Qxh1+ 39. Kxh1 Rxg4 40. Kh2
Rh4+ 41. Kg1 Rf7 42. Rfd1 Rfh7 43. Rxf3 Rf4 44. Kg2 g4 45. Rfd3 Rhf7 46. Rh1+
Kg8 47. Rf1 Ba5 48. f3 Bd8 49. fxg4 Rxf1 50. Nxf1 Rf4 51. Nd2 Rxg4+ 52. Rg3 Rg7
53. Rxg7+ Kxg7 54. Kg3 Kf7 55. Kg4 Ke6 56. Nf3 Bc7 57. Ne1 Bd8 58. Nd3 Be7 59.
Kh5 Bd6 60. Kg6 Be7 61. Nc1 Bd6 62. Ne2 Be7 63. Ng3 Bd6 64. Nf5 Bc7 65. Ng7+
Ke7 66. Kf5 Kd7 67. Ne6 Bb8 68. Ng5 Bd6 69. Nf3 Kc7 70. Nxe5 Kb6 71. Nd3 Bg3
72. Kf6 Bh4+ 73. Kf7 Bg3 74. e5 Bxe5 75. Nxe5 Ka5 76. Nd3 Kb6 77. Ke6 Ka5 78.
Kd6 Kb6 79. Nxc5 Ka5 80. Nd3 Kb6 81. c5+ Ka5 82. b4+ Kxa4 83. Kxc6 a5 84. b5
Ka3 85. b6 1-0

[Event "CAN op"]
[Site "Hamilton CAN"]
[Date "2022.07.12"]
[Round "2.61"]
[White "Zhong, April Yunwei"]
[Black "Laughlin, Braden"]
[Result "0-1"]
[WhiteElo "1452"]
[BlackElo "1896"]
[PlyCount "146"]
[EventDate "2022.07.12"]
[EventType "swiss"]
[EventRounds "9"]
[EventCountry "CAN"]

1. d4 d5 2. c4 c6 3. Nc3 Nf6 4. Nf3 e6 5. e3 Nbd7 6. Bd3 Bd6 7. cxd5 exd5 8.
O-O O-O 9. b3 Re8 10. Qc2 Nf8 11. Bb2 Qe7 12. Rfe1 Ne4 13. h3 Ng6 14. Bxe4 dxe4
15. Nd2 f5 16. Nc4 Bc7 17. Ne2 Be6 18. Rf1 Bd5 19. Ba3 Qf6 20. Ng3 b5 21. Nd2
Qg5 22. Rae1 Bxg3 23. fxg3 Qxg3 24. Rf2 Re6 25. Nf1 Qg5 26. Bc1 Nf8 27. Rf4 Rh6
28. Kh2 Ne6 29. Rf2 Rf8 30. Ng3 Rg6 31. Ne2 Qh4 32. Nf4 Nxf4 33. exf4 Qe7 34.
Qc5 Qd7 35. Re3 Re8 36. Rc2 h6 37. Rcc3 Kh7 38. Rg3 e3 39. Rcxe3 Rxe3 40. Bxe3
Rxg3 41. Kxg3 Qe8 42. Qc1 Qg6+ 43. Kh4 Qxg2 44. Qd2 Qe4 45. Kg3 Kg6 46. Qe2 Kf6
47. h4 g6 48. Kh3 Ke6 49. Kg3 g5 50. hxg5 hxg5 51. Qf2 g4 52. Kh4 Kd7 53. Kg3
Qh1 54. Qe2 Qh3+ 55. Kf2 Qh4+ 56. Kf1 g3 57. Ke1 Qh1+ 58. Qf1 g2 59. Qg1 Qxg1+
60. Bxg1 b4 61. Kd2 a5 62. Be3 Ke6 63. Ke2 Be4 64. Kd2 Kd5 65. Ke2 Bb1 66. Kd2
Ke4 67. Ke2 Bxa2 68. Kf2 Bxb3 69. Bc1 Bd5 70. Kxg2 Kxd4+ 71. Kf2 Kc3 72. Ke2
Kc2 73. Bd2 b3 0-1

[Event "CAN op"]
[Site "Hamilton CAN"]
[Date "2022.07.12"]
[Round "2.62"]
[White "He, Emma"]
[Black "Chen, Vincent"]
[Result "1-0"]
[WhiteElo "1903"]
[BlackElo "1445"]
[PlyCount "77"]
[EventDate "2022.07.12"]
[EventType "swiss"]
[EventRounds "9"]
[EventCountry "CAN"]

1. e4 c6 2. d4 d5 3. exd5 cxd5 4. Bd3 Nc6 5. c3 Nf6 6. Bf4 Bg4 7. Qb3 Qd7 8.
Nd2 e6 9. Ngf3 Be7 10. O-O O-O 11. Ne5 Nxe5 12. dxe5 Nh5 13. Be3 f5 14. h3 f4
15. hxg4 fxe3 16. fxe3 Ng3 17. Rf3 Rxf3 18. Nxf3 h5 19. gxh5 Nxh5 20. Kf2 Bc5
21. Rh1 Qf7 22. Qc2 Nf4 23. Bh7+ Kf8 24. g3 g5 25. Bf5 Kg8 26. gxf4 exf5 27.
Nxg5 Qg6 28. Qe2 Rd8 29. Ne4 dxe4 30. Rg1 Qxg1+ 31. Kxg1 Rc8 32. Kf2 b6 33. Qh5
Rf8 34. Qg6+ Kh8 35. Qe6 Kg7 36. b4 Rd8 37. Qf6+ Kh7 38. Qxd8 Bxe3+ 39. Kxe3
1-0